[Event "Stay Safe Play From Home"]
[Site "T#646156Emanuel Laske"]
[Date "2020.05.18"]
[Round "8"]
[White "matanant"]
[Black "Lamborghini"]
[Result "0-1"]
[WhiteElo "1611"]
[BlackElo "2326"]
[Annotator "TA"]
[PlyCount "76"]
[EventDate "2020.05.18"]
[EventType "swiss (blitz)"]

{[%evp 9,76,-63,-59,-63,-63,-63,-60,-58,-64,-96,-83,-83,-58,-107,-100,-206,-199,-194,-203,-281,-199,-379,-212,-283,-271,-454,-242,-410,-270,-255,0,-187,-157,-156,-96,-111,-119,-1199,-1182,-1182,-1151,-29984,-831,-831,-828,-815,-816,-813,-805,-831,-830,-803,-758,-818,-804,-804,-795,-827,-799,-1029,-997,-1010,-1006,-1033,-1031,-1126,-1101,-29997,-29992]} 1. b3 e5 2. Bb2 Nc6 3. e3 d5 4. Bb5 Nge7 5. f4 {[#]} exf4 $146 ({Predecessor:} 5... a6 6. Bxc6+ Nxc6 7. fxe5 Qh4+ 8. g3 Qe4 9. Nf3 Bg4 10. Rf1 d4 11. Ng5 Bxd1 12. Nxe4 Bxc2 {0-1 (26) Anton Valls,M (1152)-Barcons Rovira,J (1595) Moia 2017}) 6. exf4 {A01: Nimzowitsch-Larsen Opening.} a6 7. Bxc6+ Nxc6 8. Nf3 {Black is slightly better.} Qe7+ 9. Qe2 Qxe2+ 10. Kxe2 f6 11. Kd1 Bd6 12. g3 (12. Nc3 $17) 12... Bg4 $19 13. Rf1 O-O-O 14. d4 Rhe8 15. c3 $2 (15. Kd2 {was worth a try.}) 15... Ne7 (15... Re3 $142 16. Nbd2 Rde8) 16. Nbd2 Nf5 {[#] Hoping for ...Ne3+.} 17. Kc1 $2 (17. Re1) 17... c6 (17... Re2 $142 18. c4 dxc4 19. Nxc4 b5) 18. a4 $2 (18. Rf2) 18... Ne3 19. Rf2 Nf5 $2 ({Better is} 19... Bf5 $19 {White must now prevent ...Nc2.} 20. Re2 Nc2 21. Rxe8 Rxe8) 20. Kc2 $2 (20. Rf1 $1 $11 {and White is okay.}) 20... Bc7 21. Re1 Nd6 (21... Rxe1 $142 22. Nxe1 Ne3+ 23. Kc1 Re8) 22. Rxe8 Rxe8 23. Kd3 $2 {[%mdl 8192] This move loses the game for White.} (23. Nh4 $17) 23... Bf5+ 24. Ne4 Nxe4 25. Re2 Nc5+ (25... Nxg3+ $142 26. Re4 dxe4+ 27. Ke3 exf3+ 28. Kxf3 Ne2 29. d5 Ng1+ 30. Kg3 Re3+ 31. Kf2 Re2+ {[%mdl 64] Double Attack} 32. Kxg1 Bh3 33. a5 Bxf4 34. Bc1 Bxc1 35. dxc6 Be3+ 36. Kh1 Bg2#) 26. Kd2 Nxb3+ 27. Kd1 Rxe2 28. Kxe2 Na5 29. Nd2 Nc4 30. Bc1 Nd6 31. Kf3 Be4+ 32. Kf2 f5 33. h3 h5 34. g4 hxg4 35. hxg4 fxg4 36. Kg3 Bf5 37. Nf1 Ne4+ {[%mdl 64] [#] Double Attack} 38. Kh4 b5 {Accuracy: White = 21%, Black = 29%.} 0-1

[Event "Stay Safe Play From Home"]
[Site "T#646156Emanuel Laske"]
[Date "2020.05.18"]
[Round "8"]
[White "Trotsky"]
[Black "Tobo Rubirosa"]
[Result "1-0"]
[WhiteElo "1563"]
[BlackElo "1556"]
[Annotator "NA RC"]
[PlyCount "45"]
[EventDate "2020.05.18"]
[EventType "swiss (blitz)"]

1. d4 {[%emt 0:00:01]} d6 {[%emt 0:00:02]} 2. e3 {[%emt 0:00:01]} e5 {[%emt 0:00:01]} 3. c4 {[%emt 0:00:01]} exd4 {[%emt 0:00:02]} 4. exd4 {[%emt 0:00:01]} Nf6 {[%emt 0:00:00]} 5. Be3 {[%emt 0:00:01]} Be7 {[%emt 0:00:01]} 6. Bd3 {[%emt 0:00:01]} O-O {[%emt 0:00:01]} 7. Nc3 {[%emt 0:00:01]} Ng4 {[%emt 0:00:01]} 8. h4 {[%emt 0:00:02]} Nxe3 {[%emt 0:00:01]} 9. fxe3 {[%emt 0:00:01]} Bxh4+ {[%emt 0:00:01]} 10. Kd2 {[%emt 0:00:03]} Bg5 {[%emt 0:00:02]} 11. Qc2 {[%emt 0:00:01]} Qe7 {[%emt 0:00:03]} 12. Rf1 {[%emt 0:00:01]} Qxe3+ {[%emt 0:00:03]} 13. Kd1 {[%emt 0:00:01]} Bg4+ {[%emt 0:00:04]} 14. Nge2 {[%emt 0:00:04]} Qxd4 {[%emt 0:00:02]} 15. Ke1 {[%emt 0:00:08]} h6 {[%emt 0:00:04]} 16. Nxd4 {[%emt 0:00:02]} Bf6 {[%emt 0:00:03]} 17. Ne4 {[%emt 0:00:02]} Re8 {[%emt 0:00:02]} 18. Kd2 {[%emt 0:00:02]} Bxd4 {[%emt 0:00:03]} 19. Ng5 {[%emt 0:00:03]} hxg5 {[%emt 0:00:03]} 20. Bh7+ {[%emt 0:00:02]} Kf8 {[%emt 0:00:01]} 21. Be4 {[%emt 0:00:03]} Rxe4 {[%emt 0:00:02]} 22. Qxe4 {[%emt 0:00:02]} Nc6 {[%emt 0:00:02]} 23. Rh8# {[%emt 0:00:02] (Lag: Av=0.89s, max=1.2s)} 1-0

[Event "Stay Safe Play From Home"]
[Site "T#646156Emanuel Laske"]
[Date "2020.05.18"]
[Round "9"]
[White "Lamborghini"]
[Black "Greblah"]
[Result "1-0"]
[WhiteElo "2326"]
[BlackElo "1841"]
[Annotator "TA"]
[PlyCount "103"]
[EventDate "2020.05.18"]
[EventType "swiss (blitz)"]

{[%evp 9,103,18,35,3,0,-24,15,16,14,5,22,22,36,0,61,22,56,52,87,12,43,23,27,18,52,59,63,21,23,11,36,30,28,37,51,51,45,48,39,35,35,-12,14,15,93,6,6,6,28,0,0,0,14,11,74,85,69,32,117,0,0,-15,-15,-15,0,0,0,0,0,0,0,0,478,474,745,390,382,363,393,0,758,372,372,-467,-467,-1015,-1015,-1015,-904,-29989,-680,-680,-553,-5338,-4627,-1593]} 1. e4 c6 2. d3 d5 3. Nd2 g6 4. Ngf3 Bg7 5. d4 Nf6 6. e5 {[#] B10: Caro-Kann: 2 d3 and 2 c4.} Ne4 $146 ({Predecessor:} 6... Nfd7 7. Bd3 e6 8. O-O c5 9. c3 Nc6 10. a3 O-O 11. Re1 cxd4 12. cxd4 f6 13. exf6 Qxf6 14. Nb3 e5 15. Bg5 Qf7 16. dxe5 Ndxe5 17. Be2 h6 {1-0 (47) Schoppen,C (2508)-Lai,H (2455) Amstelveen 2019}) 7. h3 Nxd2 8. Bxd2 {The position is equal.} O-O 9. Bf4 Bf5 10. c3 Nd7 11. Qd2 Be4 (11... f6 $11) 12. Be2 (12. Ng5 $5 {[%cal Re5e6]}) 12... Bxf3 13. Bxf3 f6 {[%cal Rf6e5]} 14. exf6 (14. e6 $16) 14... exf6 15. O-O Re8 16. a4 Nb6 17. b3 Qd7 18. Bg4 f5 19. Bf3 Re7 20. Rfe1 Rae8 21. Rxe7 Qxe7 22. a5 Nd7 23. a6 b6 24. c4 Nf6 25. Bg5 {next cxd5 is good for White.} Qe6 26. cxd5 cxd5 (26... Nxd5 $11 {keeps the balance.} 27. Rc1 Qd6) 27. Bxf6 (27. Rc1 $16) 27... Bxf6 $11 28. Rc1 Re7 29. Qd3 Kg7 30. g3 h6 31. Kg2 g5 (31... h5 $11) 32. g4 $16 fxg4 33. hxg4 Qf7 ({Better is} 33... Qd6 $14) 34. Qf5 ({White should play} 34. Rc6 $16) 34... Bxd4 $11 35. Qxf7+ (35. Qxd5 {is more complex.} Qxd5 36. Bxd5 Bc5 37. Bc4 Rd7 38. Rc2) 35... Rxf7 {[%mdl 4096] Endgame KRB-KRB} 36. Rd1 Bc5 37. Rxd5 Re7 38. Rd8 Kf6 39. Ra8 Ke5 40. b4 Kd4 $2 {[%mdl 8192] [#]} (40... Bxb4 $11 {and Black stays safe.} 41. Bb7 Bc5) 41. bxc5 $18 bxc5 {KRB-KR} (41... Kxc5 $142 42. Bb7 b5 43. Rxa7 Kb6) 42. Rc8 c4 43. Rd8+ Kc3 44. Rc8 $2 (44. Rb8 $18) 44... Kb2 $2 {[%mdl 8192]} (44... Kd4 $11) 45. Bd5 (45. Rxc4 $142 {aiming for Rb4+.} Re6 46. Bb7) 45... c3 {[#] Hoping for ...c2.} 46. f3 $4 {[%mdl 8192]} (46. Rb8+ $18 Ka1 47. Bb3) 46... c2 $19 47. Be4 (47. f4 $142 gxf4 48. Rxc2+ Kxc2 49. Kf3) 47... c1=Q 48. Rxc1 Kxc1 49. f4 Rf7 (49... Rxe4 $142 50. fxg5 hxg5 51. Kf3 Re6 52. Kg2 Kd2 53. Kf2 Re2+ 54. Kf3 Ke1 55. Kg3 Rf2 56. Kh3 Kf1 57. Kg3 Kg1 58. Kh3 Rf3#) 50. f5 {Black is clearly winning.} Rf6 51. Bd5 Rxa6 52. Be6 {[%mdl 32768] Black used his chance. Accuracy: White = 57%, Black = 50%. . Loss on time!?} 1-0

[Event "Stay Safe Play From Home"]
[Site "T#646156Emanuel Laske"]
[Date "2020.05.18"]
[Round "9"]
[White "Little champs"]
[Black "Haxhi Baha"]
[Result "1-0"]
[WhiteElo "2196"]
[BlackElo "1950"]
[Annotator "TA"]
[PlyCount "83"]
[EventDate "2020.05.18"]
[EventType "swiss (blitz)"]

{[%evp 9,83,12,24,19,9,0,0,0,7,0,0,0,0,0,0,-15,-1,-17,0,-106,37,11,16,4,16,15,50,0,0,-20,-10,-22,-26,-41,-7,0,0,0,0,-16,56,64,59,0,0,0,277,287,556,628,564,413,480,317,465,332,541,530,660,610,619,599,675,683,703,672,615,602,1112,1057,1246,1216,1146,1125,29987,29988]} 1. d4 d5 2. e3 e6 3. Nf3 c5 4. Be2 cxd4 5. exd4 Nc6 6. O-O {D02: 1 d4 d5 2 Nf3 sidelines, including 2...Nf6 3 g3 and 2...Nf6 3 Bf4.} Bd6 7. b3 Nf6 8. Bb2 {The position is equal.} O-O 9. c4 b6 10. Nc3 Bb7 11. cxd5 exd5 {[#]} 12. Rc1 $146 ({Predecessor:} 12. Ne5 Nxe5 13. dxe5 Bxe5 14. f4 Bd6 15. Nb5 Bc5+ 16. Nd4 Qe7 17. Kh1 Ne4 18. Nf5 {1-0 (24) Bodnar,J (1902)-Sabol,J (1842) Slovakia 2017}) 12... Re8 13. Bd3 Nb4 14. Bb1 (14. Bb5 $11 {keeps the balance.}) 14... h6 ({Black should play} 14... Bf4 $17 15. Re1 Bxc1 16. Qxc1 Rxe1+ 17. Qxe1 g6) 15. a3 (15. Ne5 $5) 15... Nc6 {[%cal Bb4c6,Bc6e7,Be7g6][%mdl 32]} 16. b4 Rc8 17. Qd3 Ne7 18. Nb5 Bb8 19. g3 Ne4 20. Rfe1 Rxc1 21. Bxc1 a6 22. Nc3 Ng6 23. Bb2 Qd7 24. Qf1 Rc8 (24... Re7 $11) 25. Nxe4 $14 dxe4 26. Ne5 (26. Bxe4 $14 Bxe4 27. Rxe4) 26... Nxe5 27. dxe5 Qd5 $2 {[%mdl 8192] Black is now going downhill.} (27... Qf5 $11) 28. Bxe4 $18 Qxe4 $2 (28... Qd7 29. e6 fxe6 30. Bxb7 {[%mdl 64] Overworked Piece} Qxb7 31. Rxe6 Qd5) 29. Rxe4 Bxe4 30. Qe2 Bf5 31. Qd2 Kh7 (31... Bc7 {was necessary.} 32. Bd4 b5) 32. f4 Rc2 $2 (32... b5) 33. Qd4 b5 {[#]} 34. e6 $1 {[%csl Gb2][%cal Rd4g7]} f6 (34... Bxe6 35. Qxg7#) 35. e7 Re2 36. Qd8 Ba7+ {[#]} 37. Bd4 $1 {[%cal Rd4a7]} ({Less strong is} 37. Kf1 Re3 $16) 37... Bxd4+ 38. Qxd4 Rxe7 39. Qc5 $1 {[%csl LRe7,LRf5][%mdl 64] Double Attack} Re2 40. Qxf5+ Kg8 41. Qd5+ Kh7 42. Qd3+ {[%mdl 64] Double Attack. Accuracy: White = 73%, Black = 44%.} 1-0

[Event "Stay Safe Play From Home"]
[Site "T#646156Emanuel Laske"]
[Date "2020.05.18"]
[Round "9"]
[White "Don59as"]
[Black "Mepe_Nika"]
[Result "0-1"]
[WhiteElo "2089"]
[BlackElo "2312"]
[Annotator "NA RC"]
[PlyCount "106"]
[EventDate "2020.05.18"]
[EventType "swiss (blitz)"]

1. c4 {[%emt 0:00:01]} c6 {[%emt 0:00:00]} 2. Nc3 {[%emt 0:00:01]} d5 {[%emt 0:00:00]} 3. e3 {[%emt 0:00:00]} Nf6 {[%emt 0:00:01]} 4. b3 {[%emt 0:00:00]} Bf5 {[%emt 0:00:01]} 5. Bb2 {[%emt 0:00:01]} e5 {[%emt 0:00:01]} 6. d4 {[%emt 0:00:01]} exd4 {[%emt 0:00:02]} 7. exd4 {[%emt 0:00:01]} Bb4 {[%emt 0:00:01]} 8. Be2 {[%emt 0:00:02]} O-O {[%emt 0:00:01]} 9. Nf3 {[%emt 0:00:01]} dxc4 {[%emt 0:00:01]} 10. O-O {[%emt 0:00:02]} cxb3 {[%emt 0:00:01]} 11. axb3 {[%emt 0:00:00]} Re8 {[%emt 0:00:01]} 12. Ne5 {[%emt 0:00:01]} Nbd7 {[%emt 0:00:02]} 13. f4 {[%emt 0:00:02]} Ne4 {[%emt 0:00:03]} 14. Nxe4 {[%emt 0:00:01]} Bxe4 {[%emt 0:00:00]} 15. Bf3 {[%emt 0:00:01]} Bxf3 {[%emt 0:00:02]} 16. Qxf3 {[%emt 0:00:01]} f6 {[%emt 0:00:01]} 17. Ng4 {[%emt 0:00:02]} Nb6 {[%emt 0:00:03]} 18. Rad1 {[%emt 0:00:02]} Qd5 {[%emt 0:00:01]} 19. Qg3 {[%emt 0:00:01]} Kh8 {[%emt 0:00:01]} 20. h4 {[%emt 0:00:02]} Re2 {[%emt 0:00:01]} 21. Rf2 {[%emt 0:00:02]} Rae8 {[%emt 0:00:01]} 22. Rdf1 {[%emt 0:00:02]} Nd7 {[%emt 0:00:02]} 23. f5 {[%emt 0:00:04]} Bd6 {[%emt 0:00:02]} 24. Qf3 {[%emt 0:00:02]} Rxf2 {[%emt 0:00:02]} 25. Rxf2 {[%emt 0:00:02]} Nb6 {[%emt 0:00:01]} 26. h5 {[%emt 0:00:02]} Qxf3 {[%emt 0:00:01]} 27. gxf3 {[%emt 0:00:01]} h6 {[%emt 0:00:01]} 28. Kg2 {[%emt 0:00:02]} Nd5 {[%emt 0:00:01]} 29. Rc2 {[%emt 0:00:04]} Ne3+ {[%emt 0:00:02]} 30. Nxe3 {[%emt 0:00:01]} Rxe3 {[%emt 0:00:00]} 31. d5 {[%emt 0:00:01]} c5 {[%emt 0:00:04]} 32. b4 {[%emt 0:00:02]} b6 {[%emt 0:00:01]} 33. bxc5 {[%emt 0:00:01]} Bxc5 {[%emt 0:00:00]} 34. d6 {[%emt 0:00:01]} Bxd6 {[%emt 0:00:01]} 35. Bd4 {[%emt 0:00:01]} Re8 {[%emt 0:00:02]} 36. Rc6 {[%emt 0:00:02]} Be5 {[%emt 0:00:01]} 37. Bf2 {[%emt 0:00:01]} Kh7 {[%emt 0:00:02]} 38. Kh3 {[%emt 0:00:03]} Re7 {[%emt 0:00:01]} 39. Kg4 {[%emt 0:00:00]} Rc7 {[%emt 0:00:01]} 40. f4 {[%emt 0:00:00]} Rxc6 {[%emt 0:00:01]} 41. fxe5 {[%emt 0:00:00]} fxe5 {[%emt 0:00:00]} 42. f6 {[%emt 0:00:01]} Rxf6 {[%emt 0:00:01]} 43. Bh4 {[%emt 0:00:01]} Rf4+ {[%emt 0:00:01]} 44. Kh3 {[%emt 0:00:00]} Rxh4+ {[%emt 0:00:00]} 45. Kxh4 {[%emt 0:00:01]} a5 {[%emt 0:00:00]} 46. Kg4 {[%emt 0:00:00]} g5 {[%emt 0:00:00]} 47. Kf5 {[%emt 0:00:00]} a4 {[%emt 0:00:01]} 48. Kxe5 {[%emt 0:00:00]} a3 {[%emt 0:00:00]} 49. Kd4 {[%emt 0:00:00]} a2 {[%emt 0:00:00]} 50. Kc3 {[%emt 0:00:00]} a1=Q+ {[%emt 0:00:00]} 51. Kb4 {[%emt 0:00:00]} Qa5+ {[%emt 0:00:01]} 52. Kc4 {[%emt 0:00:01]} Qc5+ {[%emt 0:00:00]} 53. Kd3 {[%emt 0:00:01]} b5 {[%emt 0:00:00]} 0-1

[Event "Stay Safe Play From Home"]
[Site "T#646156Emanuel Laske"]
[Date "2020.05.18"]
[Round "9"]
[White "Lazieri3"]
[Black "Tavares"]
[Result "1-0"]
[WhiteElo "2073"]
[BlackElo "1678"]
[Annotator "TA"]
[PlyCount "71"]
[EventDate "2020.05.18"]
[EventType "swiss (blitz)"]

{[%evp 9,71,0,31,-10,-22,-12,-5,-4,-6,-4,99,-5,12,-2,-14,-34,-18,-52,9,-13,51,8,38,49,52,47,121,122,189,84,330,188,333,132,420,225,647,625,651,677,1013,1018,1246,1081,1416,878,2385,2373,29991,1141,29991,661,5273,833,29994,-489,2416,704,29995,0,648,639,796,783]} 1. e4 c5 2. Nc3 e6 3. Nf3 a6 4. d3 b5 5. Bg5 {[#]} Ne7 $146 ({Predecessor:} 5... Be7 6. Bxe7 Nxe7 7. g3 Bb7 8. Bg2 Nbc6 9. O-O O-O 10. Re1 Qc7 11. a3 Rfd8 12. Rb1 {0-1 (36) Saco Dedios,J-Alza Rios,J (1349) Lima 2017}) 6. Qd2 {B40: Sicilian: 2...e6, Unusual lines.} Bb7 7. g3 Nbc6 8. Bg2 {The position is equal.} h6 9. Be3 g5 (9... d6 $11 {keeps the balance.}) 10. h3 (10. Bxc5 $16 d6 11. Be3) 10... d6 $11 11. O-O Bg7 12. a3 Nd4 13. Ne1 Nec6 (13... Qc7 $15) 14. f4 f6 ({Black should play} 14... gxf4 $11 15. Bxf4 a5) 15. Kh2 Qe7 16. Ne2 e5 17. Nc3 O-O-O (17... gxf4 $14 18. gxf4 f5) 18. Nd5 $36 {[%mdl 2048] White has strong initiative.} Qf7 (18... Qe8 $16) 19. a4 (19. fxe5 $18 {is more deadly.} Nxe5 20. Bxd4 cxd4 21. a4) 19... Kb8 $2 (19... exf4 $16 20. gxf4 f5) 20. axb5 ({Not} 20. fxg5 hxg5 21. axb5 axb5 $18) (20. fxe5 $142 dxe5 21. axb5 axb5 22. Qc3) 20... axb5 (20... exf4 $142 21. bxc6 (21. gxf4 Nxb5 22. fxg5 hxg5 $16) 21... fxe3) 21. b4 $2 ({Don't take} 21. fxg5 $6 hxg5 22. Bxg5 Rdf8 $18) (21. fxe5 $18 {and White stays clearly on top.} dxe5 22. Qc3) 21... Ne6 $2 {[%mdl 8192]} (21... gxf4 $16 22. gxf4 f5) 22. bxc5 (22. fxe5 $142 dxe5 23. bxc5) 22... Nxc5 $2 (22... exf4 23. gxf4 dxc5) 23. fxe5 $18 Nxe5 24. Qa5 Bxd5 25. exd5 Qb7 26. Bxc5 dxc5 27. Nf3 Rd6 28. Nxe5 fxe5 {[#]} 29. c4 (29. Rf7 $142 $1 {[%mdl 512]} Qxf7 30. Qa8+ Kc7 31. Qa7+ {[%mdl 64] Double Attack} Kc8 32. Qxf7 Rd7 33. Qe6 $1 {[%mdl 512]} Kc7 34. Ra7+ Kc8 35. Qxd7+ {[%mdl 64] Double Attack} Kb8 36. Qc7#) 29... Rg8 {[#]} 30. cxb5 (30. Rf7 $142 $1 {[%mdl 512]} Qxf7 31. Qa8+ Kc7 32. Qa7+ {[%mdl 64] Double Attack} Kc8 33. Qxf7 Rd7 34. Qe6 $1 {[%mdl 512]} Kc7 35. Ra7+ Kc8 36. Qxd7+ {[%mdl 64] Double Attack} Kb8 37. Qc7#) 30... Rgd8 {[#]} 31. b6 (31. Rf7 $142 $3 {[%mdl 512]} R8d7 (31... Qxf7 32. Qa8+) 32. Rxd7 Rxd7 {[#]} 33. d6 $1 {[%mdl 512]}) 31... Qxb6 32. Qa7+ $4 {[%mdl 8192]} (32. Qa8+ {and all is fine.} Kc7 33. Ra7+ Qxa7 34. Qxa7+ Kc8 35. Rb1 Rb6 36. Rxb6 Bh8 37. Rc6#) 32... Kc8 $4 {[%mdl 8192]} (32... Qxa7 $19 33. Rxa7 Kxa7) 33. Qa8+ (33. Qxg7 $142 R6d7 34. Qxe5) 33... Kc7 34. Qa7+ $2 (34. Ra7+ {mates} Qxa7 35. Qxa7+ Kc8 36. Rb1 Rb6 37. Rxb6 Bh8 38. Rc6#) 34... Qxa7 $4 {[%mdl 8192]} (34... Kc8 $11) 35. Rxa7+ Kb8 36. Rxg7 {Accuracy: White = 27%, Black = 16%.} 1-0

[Event "Stay Safe Play From Home"]
[Site "T#646156Emanuel Laske"]
[Date "2020.05.18"]
[Round "9"]
[White "Ionutn28"]
[Black "Tobo Rubirosa"]
[Result "1-0"]
[WhiteElo "1744"]
[BlackElo "1540"]
[Annotator "NA RC"]
[PlyCount "75"]
[EventDate "2020.05.18"]
[EventType "swiss (blitz)"]

1. e4 {[%emt 0:00:01]} c5 {[%emt 0:00:01]} 2. d3 {[%emt 0:00:01]} d6 {[%emt 0:00:01]} 3. Nd2 {[%emt 0:00:00]} Nc6 {[%emt 0:00:01]} 4. Ngf3 {[%emt 0:00:00]} g6 {[%emt 0:00:01]} 5. g3 {[%emt 0:00:01]} Bg7 {[%emt 0:00:01]} 6. Bg2 {[%emt 0:00:00]} Bg4 {[%emt 0:00:02]} 7. O-O {[%emt 0:00:01]} e6 {[%emt 0:00:01]} 8. h3 {[%emt 0:00:01]} Bxf3 {[%emt 0:00:01]} 9. Nxf3 {[%emt 0:00:00]} Nge7 {[%emt 0:00:01]} 10. Be3 {[%emt 0:00:00]} O-O {[%emt 0:00:01]} 11. Qd2 {[%emt 0:00:00]} d5 {[%emt 0:00:02]} 12. Bh6 {[%emt 0:00:00]} Bxb2 {[%emt 0:00:03]} 13. Bxf8 {[%emt 0:00:04]} Bxa1 {[%emt 0:00:01]} 14. Bxe7 {[%emt 0:00:01]} Qxe7 {[%emt 0:00:01]} 15. Rxa1 {[%emt 0:00:00]} Nd4 {[%emt 0:00:01]} 16. Nxd4 {[%emt 0:00:02]} cxd4 {[%emt 0:00:01]} 17. exd5 {[%emt 0:00:01]} e5 {[%emt 0:00:02]} 18. Re1 {[%emt 0:00:04]} f5 {[%emt 0:00:01]} 19. Qa5 {[%emt 0:00:04]} Re8 {[%emt 0:00:05]} 20. Qxa7 {[%emt 0:00:02]} b5 {[%emt 0:00:03]} 21. Qxe7 {[%emt 0:00:02]} Rxe7 {[%emt 0:00:01]} 22. d6 {[%emt 0:00:00]} Rd7 {[%emt 0:00:01]} 23. Rxe5 {[%emt 0:00:00]} Rxd6 {[%emt 0:00:01]} 24. Rxb5 {[%emt 0:00:00]} Ra6 {[%emt 0:00:03]} 25. Bd5+ {[%emt 0:00:03]} Kg7 {[%emt 0:00:02]} 26. Rb7+ {[%emt 0:00:01]} Kf6 {[%emt 0:00:01]} 27. Rb4 {[%emt 0:00:01]} Ke5 {[%emt 0:00:04]} 28. Bb3 {[%emt 0:00:01]} Rd6 {[%emt 0:00:03]} 29. f4+ {[%emt 0:00:02]} Kf6 {[%emt 0:00:02]} 30. a4 {[%emt 0:00:01]} h6 {[%emt 0:00:03]} 31. a5 {[%emt 0:00:02]} g5 {[%emt 0:00:01]} 32. Rb6 {[%emt 0:00:01]} Rxb6 {[%emt 0:00:02]} 33. axb6 {[%emt 0:00:00]} Ke7 {[%emt 0:00:00]} 34. b7 {[%emt 0:00:01]} Kd6 {[%emt 0:00:00]} 35. b8=Q+ {[%emt 0:00:01]} Kc6 {[%emt 0:00:01]} 36. fxg5 {[%emt 0:00:01]} hxg5 {[%emt 0:00:02]} 37. Qg8 {[%emt 0:00:01]} f4 {[%emt 0:00:01]} 38. Qxg5 {[%emt 0:00:01] Tiempo (Lag: Av=1.19s, max=2.0s)} 1-0

[Event "Stay Safe Play From Home"]
[Site "T#646156Emanuel Laske"]
[Date "2020.05.18"]
[Round "9"]
[White "Haris kollari 13"]
[Black "Panini-Peter"]
[Result "0-1"]
[WhiteElo "1691"]
[BlackElo "2055"]
[Annotator "NA RC"]
[PlyCount "56"]
[EventDate "2020.05.18"]
[EventType "swiss (blitz)"]

1. e4 {[%emt 0:00:02]} e6 {[%emt 0:00:01]} 2. f4 {[%emt 0:00:01]} d5 {[%emt 0:00:00]} 3. e5 {[%emt 0:00:01]} c5 {[%emt 0:00:01]} 4. c3 {[%emt 0:00:01]} Nc6 {[%emt 0:00:00]} 5. d4 {[%emt 0:00:01]} Qb6 {[%emt 0:00:00]} 6. Nf3 {[%emt 0:00:01]} g6 {[%emt 0:00:00]} 7. Be2 {[%emt 0:00:02]} Bg7 {[%emt 0:00:01]} 8. O-O {[%emt 0:00:01]} f6 {[%emt 0:00:00]} 9. Kh1 {[%emt 0:00:01]} Bd7 {[%emt 0:00:01]} 10. exf6 {[%emt 0:00:01]} Nxf6 {[%emt 0:00:01]} 11. b3 {[%emt 0:00:01]} O-O {[%emt 0:00:01]} 12. dxc5 {[%emt 0:00:09]} Qc7 {[%emt 0:00:02]} 13. b4 {[%emt 0:00:02]} Ne4 {[%emt 0:00:02]} 14. Nd4 {[%emt 0:00:03]} Rae8 {[%emt 0:00:05]} 15. Bf3 {[%emt 0:00:01]} e5 {[%emt 0:00:01]} 16. fxe5 {[%emt 0:00:02]} Bxe5 {[%emt 0:00:02]} 17. Bxe4 {[%emt 0:00:02]} dxe4 {[%emt 0:00:00]} 18. Rxf8+ {[%emt 0:00:03]} Rxf8 {[%emt 0:00:01]} 19. Be3 {[%emt 0:00:01]} Bxh2 {[%emt 0:00:02]} 20. Qe2 {[%emt 0:00:03]} Qg3 {[%emt 0:00:04]} 21. Nd2 {[%emt 0:00:02]} Qh4 {[%emt 0:00:01]} 22. g3 {[%emt 0:00:10]} Bxg3+ {[%emt 0:00:01]} 23. Kg1 {[%emt 0:00:00]} Ne5 {[%emt 0:00:02]} 24. Qg2 {[%emt 0:00:01]} Bh3 {[%emt 0:00:03]} 25. Qe2 {[%emt 0:00:02]} Ng4 {[%emt 0:00:01]} 26. Nxe4 {[%emt 0:00:01]} Bh2+ {[%emt 0:00:02]} 27. Kh1 {[%emt 0:00:02]} Nxe3 {[%emt 0:00:03]} 28. Qxh2 {[%emt 0:00:02]} Qxe4+ {[%emt 0:00:02] Time (Lag: Av=0.41s, max=0.8s)} 0-1

[Event "Stay Safe Play From Home"]
[Site "T#646156Emanuel Laske"]
[Date "2020.05.18"]
[Round "9"]
[White "matanant"]
[Black "Lucknow"]
[Result "0-1"]
[WhiteElo "1611"]
[BlackElo "1821"]
[Annotator "NA RC"]
[PlyCount "66"]
[EventDate "2020.05.18"]
[EventType "swiss (blitz)"]

1. b3 {[%emt 0:00:01]} c6 {[%emt 0:00:01]} 2. Bb2 {[%emt 0:00:00]} d5 {[%emt 0:00:00]} 3. e3 {[%emt 0:00:01]} e6 {[%emt 0:00:00]} 4. f4 {[%emt 0:00:01]} Nf6 {[%emt 0:00:00]} 5. Nf3 {[%emt 0:00:00]} Be7 {[%emt 0:00:00]} 6. Be2 {[%emt 0:00:00]} Nbd7 {[%emt 0:00:00]} 7. O-O {[%emt 0:00:00]} Qc7 {[%emt 0:00:00]} 8. c4 {[%emt 0:00:01]} c5 {[%emt 0:00:00]} 9. d4 {[%emt 0:00:01]} cxd4 {[%emt 0:00:01]} 10. Nxd4 {[%emt 0:00:06]} a6 {[%emt 0:00:02]} 11. cxd5 {[%emt 0:00:02]} exd5 {[%emt 0:00:01]} 12. Nc3 {[%emt 0:00:02]} b5 {[%emt 0:00:02]} 13. Rc1 {[%emt 0:00:02]} Qb6 {[%emt 0:00:01]} 14. Qd2 {[%emt 0:00:04]} O-O {[%emt 0:00:02]} 15. a3 {[%emt 0:00:01]} Bb7 {[%emt 0:00:01]} 16. b4 {[%emt 0:00:02]} Rfe8 {[%emt 0:00:02]} 17. Nf5 {[%emt 0:00:01]} Bf8 {[%emt 0:00:01]} 18. Bf3 {[%emt 0:00:04]} Rad8 {[%emt 0:00:05]} 19. Ne2 {[%emt 0:00:03]} Ne4 {[%emt 0:00:03]} 20. Qd3 {[%emt 0:00:03]} Ndf6 {[%emt 0:00:05]} 21. Bd4 {[%emt 0:00:02]} Qe6 {[%emt 0:00:09]} 22. Nfg3 {[%emt 0:00:01]} Nxg3 {[%emt 0:00:04]} 23. Nxg3 {[%emt 0:00:01]} g6 {[%emt 0:00:02]} 24. h3 {[%emt 0:00:02]} Bg7 {[%emt 0:00:04]} 25. Rc7 {[%emt 0:00:02]} Re7 {[%emt 0:00:02]} 26. Rfc1 {[%emt 0:00:01]} Rdd7 {[%emt 0:00:02]} 27. Rxd7 {[%emt 0:00:02]} Rxd7 {[%emt 0:00:01]} 28. f5 {[%emt 0:00:04]} Qe7 {[%emt 0:00:02]} 29. fxg6 {[%emt 0:00:02]} hxg6 {[%emt 0:00:00]} 30. Rc5 {[%emt 0:00:04]} Qd8 {[%emt 0:00:00]} 31. Bxf6 {[%emt 0:00:03]} Bxf6 {[%emt 0:00:01]} 32. Ne2 {[%emt 0:00:01]} Bg7 {[%emt 0:00:00]} 33. Nf4 {[%emt 0:00:02]} Qe7 {[%emt 0:00:00] Time (Lag: Av=0.58s, max=1.3s)} 0-1